000 00391nam a2200169Ia 4500
005 20250423094754.0
008 250422s9999 xx 000 0 und d
020 _a9350288958
050 _aKL 130 .M4/
100 _aMenon Madhava N.R.
245 0 _aClinical legal education
260 _aLucknow
260 _bEastern Book Company
260 _c2013
300 _a312 p
942 _cBK
999 _c28247
_d28247